LEADER 01229nam a2200301 i 4500 001 000000172015 003 CaOOAMICUS 005 20080527000000.0 008 080527s1977 it u000 u ita u 013 $a149452 040 $aSeMil$bita 100 0 $aPaulus VI,$c.$0(OLS)http://semarc/name/803 245 10$aNoi siamo con voi :$bPaolo 6. all'Azione Cattolica : discorsi dal 1968 al 1976. 260 $aRoma :$bVeritas,$ccopyr. 1977. 300 $a132 p. ;$c22 cm. 500 $aFondo Card. Giovanni Colombo. 650 4$aAzione Cattolica Italiana.$0(OLS)http://semarc/subject/1626 650 4$aPaolo VI - Azione Cattolica.$0(OLS)http://semarc/subject/31886 850 $aSeMil 852 $aSeMil$W1$xVenegono$y1$m3E V 78$j122878$B122878$CSeMilBibl$Z2$F137955 $81 900 1 $aMontini, Giovanni Battista,$d<1897-1978>. 900 0 $aPaolo VI$c. 941 1 $a3 961 $aLascito: Colombo Card. Giovanni 996 $6245$aNoi siamo con voi :$bPaolo 6. all'Azione Cattolica : discorsi dal 1968 al 1976$9(OLS)http://semarc/title/246228 996 $6260$aRoma :$bVeritas$9(OLS)http://semarc/publisher/39750 LEADER 01422nam a2200265 i 4500 001 000000252264 003 CaOOAMICUS 005 20220629120825.0 008 161219s1694 it u000 u ita u 013 $a231169 026 $anaa, nao- e-e. Lare (3) 1694 (A) 040 $aSeMil$bita 100 1 $aBesozzo, Giovanni Giacomo.$0(OLS)http://semarc/name/83628 245 10$aTesoro delle indulgenze, che da diversi sommi pontefici sono state concesse alle sette chiese principali di Roma, quali si ponno conseguire visitando le sette chiese di Milano, ... opera di Gio: Giacomo Besozzo. 260 $aIn Milano :$bNella Stampa di Carlo Federico Gagliardi,$c1694. 300 $a[8], 106 p. ;$c12°. 500 $aIniz., fregi xilogr. 500 $aSegn.: *4 A-F8 G6(-G6) 650 4$aIndulgenze.$0(OLS)http://semarc/subject/39466 700 1 $aGagliardi, Carlo Federico,$d.$0(OLS)http://semarc/name/14692 850 $aSeMil 852 $aSeMil$W1$xVenegono$y1$m3O I 47 FA$j202610$B202610$CSeMilBibl$Z2$F215364 $8I 996 $6245$aTesoro delle indulgenze, che da diversi sommi pontefici sono state concesse alle sette chiese principali di Roma, quali si ponno conseguire visitando le sette chiese di Milano, ... opera di Gio: Giacomo Besozzo$9(OLS)http://semarc/title/354528 996 $6260$aIn Milano :$bNella Stampa di Carlo Federico Gagliardi$9(OLS)http://semarc/publisher/55495 LEADER 00953nam a2200193 i 4500 001 000000056039 003 CaOOAMICUS 005 19970721000000.0 008 970721n xx u000 u lat u 013 $a27211 040 $aSeMil$bita 100 1 $aMuzzarelli, Vincenzo F.$0(OLS)http://semarc/name/28253 245 13$aDe Professione Religiosa a primordiis ad saec. 12., seu Virginum consecratio, monastica ac praesertim in Decreto Gratiani religiosa professio. 650 4$aDecretum Gratiani.$0(OLS)http://semarc/subject/2006 650 4$aProfessione religiosa.$0(OLS)http://semarc/subject/4816 650 4$aTesi di laurea.$0(OLS)http://semarc/subject/1690 850 $aSeMil 852 $aSeMil$W1$xVenegono$y1$m2I IV 106$j22193$B22193$CSeMilBibl$Z2$F22195 $81 996 $6245$aDe Professione Religiosa a primordiis ad saec. 12., seu Virginum consecratio, monastica ac praesertim in Decreto Gratiani religiosa professio$9(OLS)http://semarc/title/87038 LEADER 00982nam a2200217 i 4500 001 000000059677 003 CaOOAMICUS 005 20140321000000.0 008 140321s1956 xx u000 u fre u 013 $a30849 040 $aSeMil$bita 100 1 $aTeilhard de Chardin, Pierre .$0(OLS)http://semarc/name/4251 245 10$aLettres de voyage (1923-1955) /$cPierre Teilhard de Chardin ; recueillies et présentées par Claude Aragonnès. 260 $aParis :$bGrasset,$c1956. 300 $a367 p., [6] p. di tav. :$bill. ;$c20 cm. 650 4$aTeilhard de Chardin, Pierre - Lettere e carteggi.$0(OLS)http://semarc/subject/8247 700 1 $aAragonnès, Claude.$0(OLS)http://semarc/name/19335 850 $aSeMil 852 $aSeMil$W1$xVenegono$y1$m2K VII 30$j25830$B25830$CSeMilBibl$Z2$F25833 $81 996 $6245$aLettres de voyage (1923-1955)$9(OLS)http://semarc/title/93275 996 $6260$aParis :$bGrasset$9(OLS)http://semarc/publisher/32984 LEADER 00881nam a2200229 i 4500 001 000000196818 003 CaOOAMICUS 005 20230516144508.0 008 140529s1802 it u000 u fre u 026 $ae.o- n-e. r.ut prDa (3) 1802 (A) 040 $aSeMil$bita 100 1 $aLacretelle, Pierre Louis .$0(OLS)http://semarc/name/13728 245 10$aTome 1. 300 $aVIII, [4], 516 p. 500 $aSegn.: p6 A-2I8 2K2 773 0 $aLacretelle, Pierre Louis $tOeuvres diverses de P. L. Lacratelle (ainé). Philosophie et littérature. Tome 1. [-3.].$dA Paris : Chez Treuttel et Würtz, An X. 1802.$g1$w()30000 850 $aSeMil 852 $aSeMil$W1$xVenegono$y1$m2R III 86 FA$j147381$B147381$CSeMilBibl$Z2$F158932 $8I 941 1 $a10 961 $aRecupero: Mantegazza 996 $6245$aTome 1$9(OLS)http://semarc/title/1447 LEADER 00814nam a2200217 i 4500 001 000000087726 003 CaOOAMICUS 005 20180830150024.0 008 180830s1955 xx u000 u und u 013 $a59966 040 $aSeMil$bita 100 1 $aElisabeth : de la Trinité,$c.$0(OLS)http://semarc/name/15283 245 10$aRicordi. 260 $aFirenze :$bLibreria Editrice Fiorentina,$c1955. 300 $a311 p. 650 4$aAutobiografie.$0(OLS)http://semarc/subject/2396 650 4$aSantità.$0(OLS)http://semarc/subject/6015 850 $aSeMil 852 $aSeMil$W1$xVenegono$y1$m112 19 4 *$j51161$B51161$CSeMilBibl$Z2$F55325 $81 996 $6245$aRicordi$9(OLS)http://semarc/title/91086 996 $6260$aFirenze :$bLibreria Editrice Fiorentina$9(OLS)http://semarc/publisher/30629